UBT Library

Warriors, gods & spirits from Central & South American mythology / (Record no. 42204)

000 -LEADER
fixed length control field 00776cam a2200253 a 4500
001 - CONTROL NUMBER
control field 917177
005 - DATE AND TIME OF LATEST TRANSACTION
control field 20180209032811.0
008 - FIXED-LENGTH DATA ELEMENTS--GENERAL INFORMATION
fixed length control field 830107r1983 nyua b 001 0 eng
010 ## - LIBRARY OF CONGRESS CONTROL NUMBER
LC control number 82025185
020 ## - INTERNATIONAL STANDARD BOOK NUMBER
International Standard Book Number 0888943865
020 ## - INTERNATIONAL STANDARD BOOK NUMBER
International Standard Book Number 0888943865 (Douglas & McIntyre)
040 ## - CATALOGING SOURCE
Original cataloging agency DLC
Transcribing agency DLC
Modifying agency DLC
041 ## - LANGUAGE CODE
Language code of text/sound track or separate title eng
043 ## - GEOGRAPHIC AREA CODE
Geographic area code cl-----
080 ## - UNIVERSAL DECIMAL CLASSIFICATION NUMBER
Universal Decimal Classification number 299.7928
082 00 - DEWEY DECIMAL CLASSIFICATION NUMBER
Classification number 299.7928 GIF
Edition number 19
100 1# - Rafti
Rafti 24
101 ## - Shkurtesa
Shkurtesa FIL
245 10 - TITLE STATEMENT
Title Warriors, gods & spirits from Central & South American mythology /
Statement of responsibility, etc text by Douglas Gifford ; illustrations by John Sibbick.
504 ## - BIBLIOGRAPHY, ETC. NOTE
Bibliography, etc Bibliography: p. 130.
740 0# - ADDED ENTRY--UNCONTROLLED RELATED/ANALYTICAL TITLE
Uncontrolled related/analytical title Warriors, gods, and spirits from Central & South American mythology.
906 ## - LOCAL DATA ELEMENT F, LDF (RLIN)
a 7
b cbc
c orignew
d 1
e ocip
f 19
g y-gencatlg
942 ## - ADDED ENTRY ELEMENTS (KOHA)
Source of classification or shelving scheme
Item type Books
Holdings
Withdrawn status Lost status Source of classification or shelving scheme Damaged status Not for loan Collection code Permanent location Current location Shelving location Date acquired Total Checkouts Full call number Barcode Date last seen Price effective from Koha item type
          Koleksioni i përgjithshem UBT - Lipjan UBT - Lipjan Koleksioni i përgjithshem 02/09/2018   299.7928 GIF 002-2998705 02/09/2018 02/09/2018 Books
UBT Library © 2015-2024. All rights reserved University Education for Business and Technology